[Event "Titled Tuesday intern op 3rd Jan"]
[Site "Chess.com INT"]
[Date "2019.12.03"]
[Round "7"]
[White "Semjonovs, Ilja"]
[Black "Willow, Jonah B"]
[Result "1/2-1/2"]
[WhiteElo "2361"]
[BlackElo "2355"]
[PlyCount "119"]
[EventDate "2019.12.03"]
[EventType "swiss (blitz)"]
[EventRounds "10"]
[EventCountry "USA"]
[SourceTitle "EXT 2021"]
[Source "ChessBase"]
[SourceDate "2020.10.23"]
[SourceVersion "1"]
[SourceVersionDate "2020.10.23"]
[SourceQuality "1"]

1. e4 c5 2. Nf3 Nc6 3. d4 cxd4 4. Nxd4 g6 5. Nc3 Bg7 6. Be3 Nf6 7. Bc4 0-0 8. Bb3 d6 9. f3 Bd7 10. Qd2 Nxd4 11. Bxd4 b5 12. Nd5 Nxd5 13. Bxd5 Rc8 14. Bxg7 Kxg7 15. Bb3 Qb6 16. c3 a5 17. h4 h5 18. a3 Qc5 19. Qf2 Qe5 20. 0-0 Be6 21. Bxe6 Qxe6 22. Qd4+ Kg8 23. Rfd1 Qb3 24. Rd2 Rc7 25. Qb6 Qc4 26. Qd4 Qe6 27. a4 Rc4 28. Qd5 Rxa4 29. Rxa4 bxa4 30. Qxa5 Qb3 31. e5 dxe5 32. Qxe5 Qb6+ 33. Qd4 Qb5 34. Qd5 Qa6 35. c4 Rc8 36. c5 Qb5 37. Rc2 Qb4 38. Qc4 Qe1+ 39. Kh2 Qe5+ 40. g3 Qf5 41. c6 Rc7 42. Kg2 Qe5 43. Qxa4 Qd5 44. Qc4 Qd1 45. b4 e5 46. b5 Qb1 47. Qc5 e4 48. fxe4 Qe1 49. b6 Qxe4+ 50. Kh2 Re7 51. Qxe7 Qxc2+ 52. Kg1 Qb1+ 53. Kg2 Qxb6 54. c7 Qc6+ 55. Kf2 Qc2+ 56. Ke3 Qc3+ 57. Kf4 Qd4+ 58. Kf3 Qc3+ 59. Ke2 Qc2+ 60. Ke3 1/2-1/2

[Event "EU-ch rapid U18"]
[Site "Tallinn"]
[Date "2019.11.01"]
[Round "1"]
[White "Pultinevicius, Paulius"]
[Black "Semjonovs, Ilja"]
[Result "1-0"]
[WhiteElo "2499"]
[BlackElo "2357"]
[PlyCount "121"]
[EventDate "2019.11.01"]
[EventType "swiss (rapid)"]
[EventRounds "9"]
[EventCountry "EST"]
[SourceTitle "CBM 193 Extra"]
[Source "ChessBase"]
[SourceDate "2020.01.31"]
[SourceVersion "1"]
[SourceVersionDate "2020.01.31"]
[SourceQuality "1"]

1. c4 e5 2. Nc3 Nf6 3. Nf3 Nc6 4. Qc2 Be7 5. e3 0-0 6. a3 a5 7. b3 d5 8. cxd5 Nxd5 9. Bb2 Be6 10. Ne4 f6 11. Rc1 Kh8 12. h4 Bf5 13. h5 Bxe4 14. Qxe4 f5 15. Qb1 Bf6 16. h6 g6 17. d3 Qe7 18. Be2 Rae8 19. Rc4 Nb6 20. Rc2 e4 21. dxe4 fxe4 22. Nd2 Kg8 23. 0-0 Bxb2 24. Qxb2 Qf6 25. Qc1 g5 26. Bb5 Re6 27. Rc5 Qxh6 28. Bc4 Nxc4 29. Qxc4 Kh8 30. Nxe4 Rg6 31. Qb5 Qh4 32. f3 g4 33. fxg4 Re8 34. Ng5 Qxg4 35. Qxb7 Rxg5 36. Qxc6 Reg8 37. Qf6+ R5g7 38. Rf2 Qd1+ 39. Kh2 Qxb3 40. Rxc7 Qxe3 41. Rxg7 Rxg7 42. Qf8+ Rg8 43. Qf6+ Rg7 44. Qb2 Qe7 45. Kg1 h6 46. Qd2 Qe6 47. Qxa5 Rd7 48. Qc3+ Kh7 49. Qc2+ Kg7 50. Qc3+ Kh7 51. Rf1 Qd6 52. Kh1 Qd4 53. Qh3 Ra7 54. Qf5+ Kg7 55. Qf8+ Kh7 56. Qf5+ Kg7 57. Rf4 Qd1+ 58. Kh2 Qd6 59. g3 Rc7 60. a4 Rc5 61. Qf7+ 1-0

[Event "LAT-chT"]
[Site "Riga"]
[Date "2019.10.13"]
[Round "9.1"]
[White "Semjonovs, Ilja"]
[Black "Meskovs, Nikita"]
[Result "0-1"]
[WhiteElo "2357"]
[BlackElo "2557"]
[PlyCount "62"]
[EventDate "2019.02.16"]
[EventType "team-tourn"]
[EventRounds "9"]
[EventCountry "LAT"]
[SourceTitle "EXT 2020"]
[Source "ChessBase"]
[SourceDate "2019.10.17"]
[SourceVersion "1"]
[SourceVersionDate "2019.10.17"]
[SourceQuality "1"]
[WhiteTeam "Maxon&Co"]
[BlackTeam "Termo Eko/RSF"]
[WhiteTeamCountry "LAT"]
[BlackTeamCountry "LAT"]

1. e4 e5 2. Nf3 Nc6 3. Bb5 a6 4. Ba4 Nge7 5. c3 g6 6. 0-0 Bg7 7. d4 exd4 8. cxd4 b5 9. Bb3 0-0 10. Nc3 Na5 11. Bc2 d6 12. h3 c5 13. b3 Bb7 14. Ne2 Re8 15. Re1 Nec6 16. Bb2 Rc8 17. a3 b4 18. Bd3 bxa3 19. Rxa3 Nb4 20. Ng3 Nac6 21. Bb1 cxd4 22. Qd2 Qb6 23. Ne2 d5 24. Nexd4 Nxd4 25. Bxd4 Bxd4 26. Qxd4 Qxd4 27. Nxd4 dxe4 28. Ra4 Nd5 29. Rxe4 Rc1+ 30. Kh2 Rd8 31. Bd3 Nc3 0-1

[Event "LAT-chT"]
[Site "Riga"]
[Date "2019.10.12"]
[Round "8.5"]
[White "Mierins, Eriks"]
[Black "Semjonovs, Ilja"]
[Result "1/2-1/2"]
[WhiteElo "2194"]
[BlackElo "2357"]
[PlyCount "35"]
[EventDate "2019.02.16"]
[EventType "team-tourn"]
[EventRounds "9"]
[EventCountry "LAT"]
[SourceTitle "EXT 2020"]
[Source "ChessBase"]
[SourceDate "2019.10.17"]
[SourceVersion "1"]
[SourceVersionDate "2019.10.17"]
[SourceQuality "1"]
[WhiteTeam "RTU/Juniors"]
[BlackTeam "Maxon&Co"]
[WhiteTeamCountry "LAT"]
[BlackTeamCountry "LAT"]

1. e4 c5 2. Nf3 d6 3. d4 cxd4 4. Nxd4 Nf6 5. Nc3 a6 6. Be2 e5 7. Nb3 Be7 8. Be3 Be6 9. 0-0 0-0 10. f4 exf4 11. Bxf4 Nc6 12. Kh1 d5 13. exd5 Nxd5 14. Nxd5 Qxd5 15. Qxd5 Bxd5 16. Rad1 Be6 17. c3 Rac8 18. h3 1/2-1/2